000
00302nam a2200121Ia 4500
008
190216s9999||||xx |||||||||||||| ||und||
100
_a
Lakhmar Singh And Manjit Kaur
245
0
_a
Physics For Secondary Schools
260
_b
Eurasia Pub-Ltd
_c
1986
300
_a
387p
650
_a
Physics
942
_c
BK
999
_c
33044
_d
33044